MARC details
| 000 -LEADER |
| fixed length control field |
01168cam a2200337 a 4500 |
| 001 - CONTROL NUMBER |
| control field |
13155794 |
| 003 - CONTROL NUMBER IDENTIFIER |
| control field |
BDDh-ASL |
| 005 - DATE AND TIME OF LATEST TRANSACTION |
| control field |
20231015030503.0 |
| 008 - FIXED-LENGTH DATA ELEMENTS--GENERAL INFORMATION |
| fixed length control field |
030103s2003 ii a b 001 0 eng |
| 010 ## - LIBRARY OF CONGRESS CONTROL NUMBER |
| LC control number |
2003305521 |
| 020 ## - INTERNATIONAL STANDARD BOOK NUMBER |
| International Standard Book Number |
8180280063 |
| 025 ## - OVERSEAS ACQUISITION NUMBER |
| Overseas acquisition number |
I-E-2003-305521; 05 |
| 035 ## - SYSTEM CONTROL NUMBER |
| System control number |
(DLC) 2003305521 |
| 037 ## - SOURCE OF ACQUISITION |
| Source of stock number/acquisition |
Library of Congress -- New Delhi Overseas Office |
| Terms of availability |
Rs475.00 |
| 040 ## - CATALOGING SOURCE |
| Original cataloging agency |
DLC |
| Transcribing agency |
DLC |
| Modifying agency |
BDDh-ASL |
| 042 ## - AUTHENTICATION CODE |
| Authentication code |
lcode |
| 043 ## - GEOGRAPHIC AREA CODE |
| Geographic area code |
a-ii--- |
| 050 00 - LIBRARY OF CONGRESS CALL NUMBER |
| Classification number |
BL1226.15.W47 |
| Item number |
N53 2003 |
| 082 ## - DEWEY DECIMAL CLASSIFICATION NUMBER |
| Classification number |
294 |
| Item number |
NIF |
| 100 1# - MAIN ENTRY--PERSONAL NAME |
| Personal name |
Nicholas, Ralph W. |
| 245 10 - TITLE STATEMENT |
| Title |
Fruits of worship : |
| Remainder of title |
practical religion in Bengal / |
| Statement of responsibility, etc. |
Ralph W. Nicholas. |
| 260 ## - PUBLICATION, DISTRIBUTION, ETC. |
| Place of publication, distribution, etc. |
New Delhi : |
| Name of publisher, distributor, etc. |
Chronicle Books ; |
| Place of publication, distribution, etc. |
Bangalore : |
| Name of publisher, distributor, etc. |
Distributed by Orient Longman, |
| Date of publication, distribution, etc. |
2003. |
| 300 ## - PHYSICAL DESCRIPTION |
| Extent |
248 p. : |
| Other physical details |
ill. ; |
| Dimensions |
22 cm. |
| 504 ## - BIBLIOGRAPHY, ETC. NOTE |
| Bibliography, etc. note |
Includes bibliographical references (p. [231]-239) and index. |
| 520 ## - SUMMARY, ETC. |
| Summary, etc. |
With reference to Hinduism in West Bengal. |
| 650 #0 - SUBJECT ADDED ENTRY--TOPICAL TERM |
| Topical term or geographic name entry element |
Hinduism |
| Geographic subdivision |
India |
| -- |
West Bengal |
| General subdivision |
Rituals. |
| 651 #0 - SUBJECT ADDED ENTRY--GEOGRAPHIC NAME |
| Geographic name |
West Bengal (India) |
| General subdivision |
Religious life and customs. |
| 906 ## - LOCAL DATA ELEMENT F, LDF (RLIN) |
| a |
7 |
| b |
cbc |
| c |
origode |
| d |
3 |
| e |
ncip |
| f |
20 |
| g |
y-gencatlg |
| 942 ## - ADDED ENTRY ELEMENTS (KOHA) |
| Source of classification or shelving scheme |
Dewey Decimal Classification |
| Koha item type |
Books |